Science Quiz

Random Science Quiz

British Wading Birds Quiz Stats

 Plays Quiz not verified by Sporcle

Score 0/33 Timer 08:00
0 Plays Today
% Correct
Curlew
89.2%
Avocet
88.2%
Redshank
85.8%
Greenshank
79.4%
Dunlin
77.5%
Oystercatcher
76.5%
Lapwing
75.5%
Ringed Plover
75.5%
Turnstone
74%
Golden Plover
73%
Bar Tailed Godwit
72.5%
Common Sandpiper
71.1%
Knot
71.1%
Black Tailed Godwit
70.6%
Whimbrel
70.6%
Sanderling
70.1%
Little Ringed Plover
68.1%
% Correct
Grey Plover
61.8%
Little Stint
60.3%
Purple Sandpiper
55.9%
Jack Snipe
53.9%
Ruff
53.4%
Spotted Redshank
52.9%
Curlew Sandpiper
52.5%
Woodcock
51.5%
Wood Sandpiper
50.5%
Common Snipe
49.5%
Dotterel
49%
Stone Curlew
47.5%
Red Necked Phalarope
37.7%
Temminck's Stint
33.8%
Grey Phalarope
33.3%
Pectoral Sandpiper
27.5%

You're not logged in!

Compare scores with friends on all Sporcle quizzes.
OR
Log In

Show Comments

Extras

Created Nov 12, 2010ReportNominate
Tags:bird, british

Top Quizzes Today


Score Distribution

Your Account Isn't Verified!

In order to create a playlist on Sporcle, you need to verify the email address you used during registration. Go to your Sporcle Settings to finish the process.

Report this User

Report this user for behavior that violates our Community Guidelines.

Details: